Concepts in organic chemistry (S.Y.B.Sc.) (Record no. 817210)

MARC details
000 -LEADER
fixed length control field 00583nam a2200217Ia 4500
008 - FIXED-LENGTH DATA ELEMENTS--GENERAL INFORMATION
fixed length control field 101110s9999 xx 000 0 und d
041 ## - LANGUAGE CODE
Language code of text/sound track or separate title ENGLISH
082 ## - DEWEY DECIMAL CLASSIFICATION NUMBER
Item number SR24540
100 ## - MAIN ENTRY--PERSONAL NAME
Personal name Zarapkar S.S. & others
245 ## - TITLE STATEMENT
Title Concepts in organic chemistry (S.Y.B.Sc.)
260 ## - PUBLICATION, DISTRIBUTION, ETC. (IMPRINT)
Date of publication, distribution, etc 2003
Name of publisher, distributor, etc Chetana Publication, Mumbai
300 ## - PHYSICAL DESCRIPTION
Extent 186
365 ## - TRADE PRICE
Price amount 70
520 ## - SUMMARY, ETC.
Summary, etc Chemistry
546 ## - LANGUAGE NOTE
Language note ENGLISH
630 ## - SUBJECT ADDED ENTRY--UNIFORM TITLE
Uniform title Concepts in organic chemistry (S.Y.B.Sc.)
650 ## - SUBJECT ADDED ENTRY--TOPICAL TERM
Topical term or geographic name as entry element Chemistry
655 ## - INDEX TERM--GENRE/FORM
Genre/form data or focus term Chemistry
730 ## - ADDED ENTRY--UNIFORM TITLE
Uniform title Concepts in organic chemistry (S.Y.B.Sc.)
942 ## - ADDED ENTRY ELEMENTS (KOHA)
Koha item type Book
Holdings
Withdrawn status Lost status Damaged status Not for loan Home library Current library Shelving location Date acquired Source of acquisition Cost, normal purchase price Shelving control number Total Checkouts Barcode Date last seen Price effective from Koha item type
        D. B. J. College, Chiplun D. B. J. College, Chiplun     Prashant Book Depo, Chiplun, bill 60, dt.2-7-2003 70.00     DBJSR24540 11/11/2010 11/11/2010 Book